000 00771cam a2200265 a 4500
008
020 _a0582423635 (pbk.)
049 _aMAIN
090 _aCB19
_bSTO
100 1 _aStorey, John.
245 1 0 _aCultural theory and popular culture :
_ban introduction /
_cJohn Storey.
250 _a3rd ed.
260 _aLondon :
_bPrentice Hall,
_cc2001.
300 _ax, 237 p. :
_bill. ;
_c24 cm.
504 _aIncludes bibliographical references.
500 _aIncludes index.
650 0 _aPopular culture.
650 0 _aPopular culture
_xPhilosophy.
650 0 _aCulture
_xPhilosophy.
907 _a.b10296372
_b21-10-13
_c17-05-11
003
005 20230123125314.0
040 _cNUST
942 _cBOOKS
_kCB19
_mSTO
999 _c139240
_d139240